000 03104cam a22004934i 4500
003 PE-LiUPU
005 20250731184115.0
008 150706s2010 pe a r 000 0 d
020 _a9786124011436
035 _a(Sirsi) i9786124011436
040 _aPE-LiUPU
_bspa
_cPE-LiUPU
_erda
049 _aPRUA
082 0 4 _a869.56
_bY38
_221
082 0 4 _a869.56
_bY38 2010
100 1 _aYauri Montero, Marcos,
_d1930- ,
_eautor.
245 1 3 _aEl misterio de la calle Loreto /
_cMarcos Yauri Montero.
264 1 _aLima :
_bAsamblea Nacional de Rectores,
_c2010.
300 _a126 páginas :
_bilustraciones ;
_c24 centímetros
336 _atext
_2rdacontent
337 _aunmediated
_2rdamedia
338 _avolume
_2rdacarrier
505 0 _aUn Arpa. Una sobra de mujer -- Un viaje y un zorro incandescente -- Mónica, ¿eres tú? -- Dios se echa a llorar -- Una víctima feliz del amor -- Singing in the rain y dos mundos que se odian -- David se confiesa -- Ese viajero era yo -- ¿No será la música de aurora? -- Porfirio-Orfeo cuenta -- Antes del segundo canto del gallo -- Una señora adorable -- Esa seña, que mala seña, aurora -- Yo soy pelicarpo escudero -- El zorro negro cruzó mi camino -- ¿Te volveré a ver igual que la bailarina de jazz?
526 _aP145
526 _aP127
526 _aP97
526 _aP14
526 _aP07
650 0 4 _aNovelas peruanas
_ySiglo XX.
910 _bjv
_cng
_d20110411
942 _2ddc
_cBOOK
949 _a869.56 Y38
_wDEWEY
_c1
_i62782
_lCCODEBUL1
_mBUL
_p9.00
_r0
_sY
_tBOOK
_u2015-7-6
_xEDUCACION
_zUNKNOWN
_0COMPRA
_o.STAFF. Colección General
949 _a869.56 Y38
_wDEWEY
_c2
_i62781
_lCCODEBUL1
_mBUL
_p9.00
_r0
_sY
_tBOOK
_u2015-7-6
_xEDUCACION
_zUNKNOWN
_0COMPRA
_o.STAFF. Colección General
949 _a869.56 Y38 2010
_wDEWEY
_c1
_iFJ08783
_lCCODEBUJ1
_mBUJ
_p9.00
_r0
_sY
_tBOOK
_u2017-09-13
_xEDUCACION
_PP14
_0COMPRA
_o.STAFF. Colección General Juliaca
949 _a869.56 Y38 2010
_wDEWEY
_c2
_iFJ08916
_lCCODEBUJ1
_mBUJ
_p9.00
_r0
_sY
_tBOOK
_u2017-09-13
_xEDUCACION
_PP14
_0COMPRA
_o.STAFF. Colección General Juliaca
994 _aC0
_bPEPRU
596 _a1 3
999 _a869.56 Y38
_wDEWEY
_c51831
_i62782
_f2021-11-9
_g5
_lCCODEBUL1
_mBUL
_p9.00
_r0
_sY
_tBOOK
_u2015-7-6
_xEDUCACION
_zUNKNOWN
_0COMPRA
_o.STAFF. Colección General
_d51831
999 _a869.56 Y38
_wDEWEY
_c2
_i62781
_d2019-1-8
_f2021-11-9
_g5
_lCCODEBUL1
_mBUL
_p9.00
_q1
_r0
_sY
_tBOOK
_u2015-7-6
_xEDUCACION
_zUNKNOWN
_0COMPRA
_o.STAFF. Colección General
999 _a869.56 Y38 2010
_wDEWEY
_c1
_iFJ08783
_d2017-11-6
_e2017-11-3
_f2022-2-2
_g2
_lCCODEBUJ1
_mBUJ
_n1
_p9.00
_r0
_sY
_tBOOK
_u2017-9-13
_xEDUCACION
_PP14
_0COMPRA
_o.STAFF. Colección General Juliaca
999 _a869.56 Y38 2010
_wDEWEY
_c2
_iFJ08916
_f2022-2-2
_g2
_lCCODEBUJ1
_mBUJ
_p9.00
_r0
_sY
_tBOOK
_u2017-10-11
_xEDUCACION
_PP14
_0COMPRA
_o.STAFF. Colección General Juliaca
980 _81
_gALBERTO SANCHEZ Responsable de Automatización